000 00517nam a22001815i 4500
001 68725
003 ES-MaACL
005 20230906170339.0
007 t|
008 960827s1883 sp ||||1| spa d
040 _aCAM
_bspa
_cCAM
100 1 _aGil, Constantino.
_956721
245 1 4 _aLos postergados
_b: manual de crisis políticas /
_cConstantino Gil.
250 _a2ª ed.
260 _aMadrid :
_b[s.n.],
_c1883 (
_fImpr. de A. Pérez Dubrull)
300 _aIX, 223 p. ;
_c18 cm.
852 _aES-MaACL
_jG-8034
999 _c68725
_d68725